header

Singing story, healing drum (Record no. 79098)

MARC details
000 -LEADER
fixed length control field 01741nam a2200421Ia 4500
082 04 - DEWEY DECIMAL CLASSIFICATION NUMBER
Classification number 305.89/4330575
100 1# - MAIN ENTRY--AUTHOR NAME
Personal name Van Deusen, Kira,
245 10 - TITLE STATEMENT
Title Singing story, healing drum
260 ## - PUBLICATION, DISTRIBUTION, ETC. (IMPRINT)
Place of publication Montreal :
Name of publisher McGill-Queen's University Press,
Year of publication c2004.
300 ## - PHYSICAL DESCRIPTION
Number of Pages xxv, 205 p. :
Other physical details ill., map.
500 ## - GENERAL NOTE
General note Includes index.
650 #0 - SUBJECT ADDED ENTRY--TOPICAL TERM
Topical Term Tuvinians
Topical Term Khakassians
Topical Term Tuvinians
Topical Term Khakassians
Topical Term Tuvinians
Topical Term Khakassians
Topical Term Shamanism
Topical Term Storytelling
Topical Term Oral tradition
856 40 - ELECTRONIC LOCATION AND ACCESS
Uniform Resource Identifier http://site.ebrary.com/lib/rucke/Doc?id=10132842

No items available.

© 2026 Rongo University
Contact us: librarian | system librarian | Rongo university